Proverbios ejemplares / (Record no. 164148)

MARC details
000 -LEADER
campo de control de longitud fija 00714nam a22001935i 4500
001 - NÚMERO DE CONTROL
campo de control 164148
003 - IDENTIFICADOR DE NÚMERO DE CONTROL
campo de control ES-MaACL
005 - FECHA Y HORA DE LA ÚLTIMA TRANSACCIÓN
campo de control 20250811063201.0
008 - DATOS DE LONGITUD FIJA--INFORMACIÓN GENERAL
campo de control de longitud fija 940615s1864 sp |||| | spa d
040 ## - FUENTE DE CATALOGACIÓN
Centro catalogador/agencia de origen AR
Lengua de catalogación spa
100 ## - ENTRADA PRINCIPAL--NOMBRE DE PERSONA
Nombre de persona Ruiz Aguilera, Ventura,
Fechas asociadas al nombre 1820-1881
9 (RLIN) 188456
245 10 - MENCIÓN DEL TÍTULO
Título Proverbios ejemplares /
Mención de responsabilidad, etc. por Ventura Ruiz Aguilera.
260 ## - PUBLICACIÓN, DISTRIBUCIÓN, ETC.
Lugar de publicación, distribución, etc. Madrid :
Nombre del editor, distribuidor, etc. Libreria de D. Leocadio López,
Fecha de publicación, distribución, etc. 1864 (
Fabricante Imp. de M. Rivadeneyra)
300 ## - DESCRIPCIÓN FÍSICA
Extensión 2 v. (291; 296 p.) ;
Dimensiones 19 cm.
490 1# - MENCIÓN DE SERIE
Mención de serie 1º y 2ª Serie
830 0# - PUNTO DE ACCESO ADICIONAL DE SERIE-TÍTULO UNIFORME
Título uniforme 1º y 2ª Serie
9 (RLIN) 222340
852 ## - LOCALIZACIÓN
Ubicación ES-MaACL
Número de control de estantería D-1050
Nota libre -- Enc. hol.
-- -- Legado M. de la Fuente
condición física -- Contiene unicamente la segunda serie (296 p.)
Holdings
Estatus retirado Estado de pérdida Estado de daño No para préstamo Colección Biblioteca de origen Biblioteca actual Ubicación en estantería Fecha de adquisición Fuente de adquisición Total de préstamos Signatura topográfica completa Código de barras Visto por última vez Precio de reemplazo Tipo de ítem Koha
        Libros del s. XIX Biblioteca del Ateneo de Madrid Biblioteca del Ateneo de Madrid Sala Valle Inclán 17/01/2008     D-1050 901172039 23/02/2023 23/02/2023 Libro impreso antiguo